000 00735nam a2200253Ia 4500
003 OSt
005 20220925230631.0
006 a|||||r|||| 00| 0
007 ta
008 220923b |||||||| |||| 00| 0 eng d
020 _a1862872597
037 _cGeneral Book
040 _aRTL
_cRTL
_beng
041 _2eng
_aeng
082 _aW:51.1.N9, N8
100 _aPritchard Sarah Ed.
_9293986
245 0 _aIndigenous peoples, the United Nations and human r
260 _aLondon
_bZed Books
_c1998
300 _axi, 243p
_ccm.
500 _aBibliography: P 203-08; Appendix: p 209-233
650 _aPolitical Science
942 _hW:51.1.N9, N8
_cGB
_2CC
999 _c586181
_d586181